The last stand of the tin can sailors : The extraordinary World War II story of the U.S. Navy's finest hour

The story of the Battle of Samar, a naval engagement unlike any other in U.S. history, capturing with unforgettable intensity the men, the strategies, and the sacrifices that turned certain defeat into a legendary victory.

में बचाया:
ग्रंथसूची विवरण
मुख्य लेखक: Hornfischer, James D.
स्वरूप: पुस्तक
भाषा:Undetermined
प्रकाशित: New York Random House Audio 2004
विषय:
टैग : टैग जोड़ें
कोई टैग नहीं, इस रिकॉर्ड को टैग करने वाले पहले व्यक्ति बनें!
Thư viện lưu trữ: Trung tâm Học liệu Trường Đại học Cần Thơ
LEADER 00912nam a2200217Ia 4500
001 CTU_187732
008 210402s9999 xx 000 0 und d
082 |a 428.24 
082 |b H816/Cas.3 
100 |a Hornfischer, James D. 
245 4 |a The last stand of the tin can sailors : 
245 4 |b The extraordinary World War II story of the U.S. Navy's finest hour 
245 0 |c James D. Hornfischer, Grover Gardner 
260 |a New York 
260 |b Random House Audio 
260 |c 2004 
520 |a The story of the Battle of Samar, a naval engagement unlike any other in U.S. history, capturing with unforgettable intensity the men, the strategies, and the sacrifices that turned certain defeat into a legendary victory. 
650 |a English language,Ngôn ngữ Anh 
650 |x Study and teaching,Học và dạy 
904 |i Giang 
980 |a Trung tâm Học liệu Trường Đại học Cần Thơ